| 000 | 01229 a2200241 4500 | ||
|---|---|---|---|
| 001 | 1973 | ||
| 005 | 20260407155422.0 | ||
| 008 | 260407a2010 arg spa d | ||
| 003 | AR-UNSa-BCEJYS | ||
| 040 |
_aAR-UNSa-BCEJYS _bspa _cAR-UNSa-BCEJYS |
||
| 080 |
_a174:65 _xEtica en gestión y organización de la industria (Responsabilidad Social Empresaria) |
||
| 245 | 1 | 0 |
_aEmpresas para todos _phacia un nuevo modelo de capitalismo que atiende las necesidades más urgentes de la humanidad |
| 020 | _a978-958-45-2943-5 | ||
| 264 | 1 |
_aBogotá : _bGrupo Editorial Norma _c2010 |
|
| 300 |
_axxviii, 211 p. _c23 cm. |
||
| 505 | _a1. ¿Por qué empresa social? - 2. Los dolores del crecimiento - 3. Lanzar una empresa social - 4. Curar un niño - 5. Marcos de referencia legal y financiero para la empresa social - 6. Grameen-Veolia Water - 7. La creación de una infraestructura global para las empresas sociales - 8. Vistazos del mañana - 9. El fin de la pobreza | ||
| 942 | _cBK | ||
| 590 | _aniveau_biblio:m niveau_hierar:0 | ||
| 100 | 1 | _aYunus, Muhammad | |
| 700 | 1 | _aWeber, Karl | |
| 700 | 1 | _aBuitrago, Affán | |
| 856 | 4 | 1 |
_uhttps://biblioeco.unsa.edu.ar/pmb/images/libros/Empresas para todos.jpg _yImagen de portada _qimage/jpeg |
| 999 |
_c242 _d242 |
||